| 000 | 02256nam0a2200385 4500 | ||
|---|---|---|---|
| 001 | RU\NLR\BIBL_A\022633683 | ||
| 005 | 20260420054144.0 | ||
| 010 |
_a978-5-394-06294-0 _9500 |
||
| 021 |
_aRU _bКН-П-25-048502 _9КН-П-25-4695 |
||
| 035 | _a(NLR Aleph) 022633683 | ||
| 090 |
_a13684899 _c13684899 |
||
| 100 | _a20250930d2025 u y0rusy50 ca | ||
| 101 | 0 | _arus | |
| 102 | _aRU | ||
| 105 | _ay z 000zy | ||
| 181 | 0 |
_ai _baxxe |
|
| 182 | 0 | _an | |
| 200 | 1 |
_aТеоретические и прикладные аспекты формирования элементов мобилизационной налоговой политики _eмонография _f[Богачев Сергей Валентинович, Вишневский Валентин Павлович, Гончаренко Любовь Ивановна, доктора экон. наук, профессора и др.] _gпод редакцией д. э. н., профессора С. В. Богачева _gФинансовый университет при Правительстве Российской Федерации |
|
| 203 |
_aТекст _bвизуальный _cнепосредственный |
||
| 210 |
_aМосква _cДашков и К° _d2025 |
||
| 215 |
_a293 с. _d22 |
||
| 300 | _aАвт. указаны на 3-4-й с. | ||
| 320 | _aБиблиогр. в подстроч. примеч. | ||
| 320 | _aПубл. авт. коллектива: с. 292-293 (11 назв.) | ||
| 606 | 1 |
_aНалоговая политика _92334952 _3RU\NLR\AUTH\661396061 |
|
| 686 | 1 | _aУ26(0)141.3 | |
| 701 | 1 |
_aБогачев _bС. В. _cд-р экон. наук, прозаик _f1957- _gСергей Валентинович _9201128 _3RU\NLR\AUTH\770201179 |
|
| 701 | 1 |
_aВишневский _bВ. П. _gВалентин Павлович |
|
| 701 | 1 |
_7ca _8rus _aГончаренко _bЛ. И. _f1957- _gЛюбовь Ивановна _935200 _3RU\NLR\AUTH\7752267 |
|
| 712 | 0 | 2 |
_4570 _aФинансовый университет при Правительстве Российской Федерации _cМосква _9838093 _3RU\NLR\AUTH\8810171129 |
| 942 | _cBOOK | ||
| 980 | _aNB | ||